| 000 -LEADER | |
|---|---|
| fixed length control field | 00411nam a22001577a 4500 |
| 005 - DATE AND TIME OF LATEST TRANSACTION | |
| control field | 20251007154032.0 |
| 008 - FIXED-LENGTH DATA ELEMENTS--GENERAL INFORMATION | |
| fixed length control field | 251007b |||||||| |||| 00| 0 eng d |
| 020 ## - INTERNATIONAL STANDARD BOOK NUMBER | |
| ISBN | 978-93-48189-30-1 |
| 041 ## - LANGUAGE CODE | |
| Language code of text/sound track or separate title | HINDI |
| 082 ## - DEWEY DECIMAL CLASSIFICATION NUMBER | |
| Classification number | 413.254 |
| 100 ## - MAIN ENTRY--AUTHOR NAME | |
| Personal name | CHATURVEDI, HARIHAR PRASAD |
| 245 ## - TITLE STATEMENT | |
| Title | VISHWA HINDI SHABDKOSH : HINDI TO HINDI |
| 260 ## - PUBLICATION, DISTRIBUTION, ETC. (IMPRINT) | |
| Place of publication | UTTAR PRADESH |
| Name of publisher | AKSHAR PLANT |
| Year of publication | 2024 |
| 300 ## - PHYSICAL DESCRIPTION | |
| Number of Pages | 608;P |
| 942 ## - ADDED ENTRY ELEMENTS (KOHA) | |
| Koha item type | Books |
| Lost status | Damaged status | Collection code | Home library | Current library | Shelving location | Date acquired | Source of acquisition | Cost, normal purchase price | Full call number | Accession Number | Koha item type |
|---|---|---|---|---|---|---|---|---|---|---|---|
| BHARTIYA GYAN PARAMPARA | JRU Library | JRU Library | KAUTILYA BOOK SANGRAH | 07/10/2025 | PURCHASE | 2000.00 | 413.254 | 28938 | Books |